000 00546nam a22001817a 4500
005 20241203131150.0
008 241203b |||||||| |||| 00| 0 eng d
020 _a0409033480
041 _aEnglish
082 _a340.1 INT
100 _lEnglish
245 _aIntroduction to South African Law and Legal Theory /
_cWJ Hosten et al.
250 _aRevised Reprint
260 _aDurban:
_bButterworth and Company Ltd,
_c1980
300 _bxv, 948 pages;
_c27 cm.
650 _aLegal practice
_bLaw
942 _cBK
_6ALISON_BN_VRIES
999 _c3265
_d3265